| 000 | 01250cam a22003251i 4500 | ||
|---|---|---|---|
| 003 | SA_RiAUC | ||
| 005 | 20250901091515.0 | ||
| 008 | 250831s2012 le g 000 0dara c | ||
| 040 |
_aSA-MaMIU _bara _cSA-RiAUC _erda |
||
| 041 | 1 |
_aara _heng |
|
| 043 | _aar----- | ||
| 082 | 0 | 4 |
_a915.304 _qSA-RiAUC |
| 090 |
_a915.304 _bد و ت |
||
| 100 | 1 |
_aدوتي، شارلز مونتاجو، _d1843-1926 _eمؤلف. |
|
| 245 | 1 | 0 |
_aرحلات تشارلز داوتي في الجزيرة العربية / _cترجمة عدنان حسن. |
| 250 | _aالطبعة الثانية. | ||
| 264 | 1 |
_aبيروت : _bدار الوراق، _c2012 |
|
| 300 |
_a414 صفحة ؛ _c24 سم. |
||
| 336 |
_aنص _btxt _2rdacontent _3كتاب |
||
| 337 |
_aبدون وسيط _bn _2rdamedia |
||
| 338 |
_aمجلد _bnc _2rdacarrier |
||
| 490 | 1 | _aالرحلات | |
| 546 | _aترجمة عن الإنجليزية. | ||
| 600 | 1 | 7 |
_aدوتي، شارلز مونتاجو، _d1843-1926 _xرحلات _zشبه الجزيرة العربية _2aucnm |
| 651 | 7 |
_aشبه الجزيرة العربية _xوصف ورحلات _2aucsh |
|
| 700 | 1 |
_aحسن، عدنان _eمترجم. |
|
| 830 | 2 | _aالرحلات | |
| 942 |
_2ddc _cBOOK _n0 |
||
| 949 |
_aSA-JeALM _d250831 _umohamedma123 _n1 |
||
| 999 |
_c11352 _d11352 |
||